Hoàn thiện quản lý nhà nước trong lĩnh vực thi hành án hình sự ở Việt Nam

Cuốn sách giới thiệu những luận điểm khoa học về quản lý nhà nước nói chung, quản lý nhà nước trong lĩnh vực thi hành án hình sự nói riêng, tìm hiểu quá trình hình thành và phát triển, những hành tựu, kết qủa và cả những tồn tại, khi...

ver descrição completa

Na minha lista:
Detalhes bibliográficos
Autor principal: Vũ, Trọng Hách
Formato: Livro
Idioma:Undetermined
Publicado em: Hà Nội Tư Pháp 2006
Assuntos:
Tags: Adicionar Tag
Sem tags, seja o primeiro a adicionar uma tag!
Thư viện lưu trữ: Trung tâm Học liệu Trường Đại học Cần Thơ
LEADER 01367nam a2200217Ia 4500
001 CTU_105089
008 210402s9999 xx 000 0 und d
020 |c 29000 
082 |a 353.409597 
082 |b H102 
100 |a Vũ, Trọng Hách 
245 0 |a Hoàn thiện quản lý nhà nước trong lĩnh vực thi hành án hình sự ở Việt Nam 
245 0 |c Vũ Trọng Hách 
260 |a Hà Nội 
260 |b Tư Pháp 
260 |c 2006 
520 |a Cuốn sách giới thiệu những luận điểm khoa học về quản lý nhà nước nói chung, quản lý nhà nước trong lĩnh vực thi hành án hình sự nói riêng, tìm hiểu quá trình hình thành và phát triển, những hành tựu, kết qủa và cả những tồn tại, khiếm khuyết của công tác quản lý nhà nước trong lĩnh vực thi hành án hình sự ở nước ta trong 60 năm qua, cũng như những giải pháp cơ bản nhằm hoàn thiện quản lý nhà nước trong lĩnh vực thi hành án hình sự trong những năm tới. 
650 |a Criminal law,Criminal procedure 
650 |z Vietnam,Vietnam 
904 |i M.Loan 
980 |a Trung tâm Học liệu Trường Đại học Cần Thơ